[Event "Berlin Lichtenberger op 13th"]
[Site "Berlin"]
[Date "2014.08.20"]
[Round "5"]
[White "Mueller, Johannes1111"]
[Black "Rau, Joshua"]
[Result "1-0"]
[WhiteElo "1845"]
[BlackElo "1624"]
[PlyCount "49"]
[EventDate "2014.08.16"]
[EventType "swiss"]
[EventRounds "9"]
[EventCountry "GER"]
[SourceTitle "CBM 161 Extra"]
[Source "ChessBase"]
[SourceDate "2014.08.29"]
[SourceVersion "1"]
[SourceVersionDate "2014.08.29"]
[SourceQuality "1"]

1. e4 e5 2. Nc3 Nf6 3. g3 Bc5 4. Bg2 Nc6 5. d3 d6 6. h3 Be6 7. Na4 Bb6 8. Nxb6 axb6 9. c4 Qd7 10. Ne2 Nd4 11. f4 Qe7 12. f5 Bd7 13. 0-0 g6 14. g4 h6 15. Nxd4 exd4 16. Bf4 Nh7 17. Qe1 c5 18. Qg3 f6 19. Bxd6 Qf7 20. e5 fxe5 21. Bd5 Qf6 22. Bxe5 Qe7 23. Rae1 0-0-0 24. Bc7 Qf6 25. Bb8 1-0

[Event "GER-chT North U16"]
[Site "Greifswald"]
[Date "2013.09.12"]
[Round "2.4"]
[White "Hoppe, Michael"]
[Black "Rau, Joshua"]
[Result "0-1"]
[WhiteElo "1596"]
[BlackElo "1461"]
[PlyCount "111"]
[EventDate "2013.09.12"]
[EventType "team-swiss"]
[EventRounds "7"]
[EventCountry "GER"]
[SourceTitle "EXT 2014"]
[Source "ChessBase"]
[SourceDate "2013.11.20"]
[SourceVersion "1"]
[SourceVersionDate "2013.11.20"]
[SourceQuality "1"]
[WhiteTeam "Hagen"]
[BlackTeam "Berlin Schachunion"]
[WhiteTeamCountry "GER"]
[BlackTeamCountry "GER"]

1. d4 d5 2. Bf4 Nf6 3. f3 Bf5 4. Nc3 e6 5. e3 Bd6 6. Nge2 Nbd7 7. Qd2 Nb6 8. Bxd6 Qxd6 9. Nf4 e5 10. dxe5 Qxe5 11. 0-0-0 c6 12. Re1 0-0 13. g4 Bg6 14. h4 h6 15. Qh2 Rfe8 16. g5 Nh5 17. Nxg6 fxg6 18. Qg2 hxg5 19. Rg1 d4 20. Ne4 dxe3 21. Qxg5 Qxg5 22. Rxg5 Nd5 23. Rxg6 Rf8 24. Rg5 Nhf6 25. Bc4 Kh8 26. Nxf6 gxf6 27. Rh5+ Kg7 28. Bxd5 Kg6 29. Bf7+ Rxf7 30. Rc5 Re7 31. h5+ Kh6 32. Re2 Rae8 33. Kd1 Re5 34. Rxe5 Rxe5 35. f4 Re4 36. Ke1 Kxh5 37. f5 Kg5 38. Rg2+ Kxf5 39. Rg7 e2 40. Rg2 Ke5 41. c3 Ra4 42. Rxe2+ Re4 43. Rxe4+ Kxe4 44. Ke2 Kf4 45. Kf2 f5 46. b4 b5 47. a3 a6 48. Ke2 Kg3 49. Kd3 f4 50. Kd4 f3 51. Kc5 f2 52. Kxc6 f1Q 53. Kb6 Qf6+ 54. Ka5 Qxc3 55. a4 Qc6 56. axb5 0-1